000 00860nam a22002417a 4500
005 2008090307237.0
008 080903t xxu||||| |||| 00| 0 eng d
010 _aENG-90873
020 _a9788178803517
_c750.00
035 _aEN-74406
037 _bDBAD / PUB
040 _aDPL
_bEnglish
082 _a302.2
100 _aBhatnagar, Piyush
245 _aMethods of communication /
_cby Piyush Bhatnagar
260 _aNew Delhi
_bRajat Publications
_c2008
270 _a4675/21, Ansari Raod, Darya Ganj,
_bNew Delhi
_e110002
300 _avi, 284p.
_c23 cm (Hb)
500 _aIncludes index
650 _aCommunication
942 _2ddc
_cEN
_mBHA
_h302.2
999 _c15291
_d15291